000 00746nam a2200229Ia 4500
001 15562
003 GE_BSU
008 181216s||||||||xx |||||||||||||| ||und||
040 _cGE_BSU
080 _a821.353.1-1
100 _aცინცაძე, ეპიფანე
245 _aკრიალოსანი
245 _bლექსები
245 _cწინასიტყვ. მ. ლებანიძისა. რედ. მ. ლებანიძე. მხატვ.სპ.ცინცაძე
260 _aთბილისი
260 _bმერანი
260 _c1971
300 _a90გვ. ; 18სმ
653 _aკრიალოსანი
653 _aლექსები
942 _cBK
999 _c48662
_d48662